LEADER 01938oam 2200553M 450 001 9910716253103321 005 20200213070509.1 035 $a(CKB)5470000002519594 035 $a(OCoLC)1065779378 035 $a(OCoLC)995470000002519594 035 $a(EXLCZ)995470000002519594 100 $a20071213d1926 ua 0 101 0 $aeng 135 $aurcn||||||||| 181 $ctxt$2rdacontent 182 $cc$2rdamedia 183 $acr$2rdacarrier 200 10$aElizabeth W. Kieffer. June 23, 1926. -- Ordered to be printed 210 1$a[Washington, D.C.] :$c[U.S. Government Printing Office],$d1926. 215 $a1 online resource (4 pages) 225 1 $aSenate report / 69th Congress, 1st session. Senate ;$vno. 1140 225 1 $a[United States congressional serial set ] ;$v[serial no. 8528] 300 $aBatch processed record: Metadata reviewed, not verified. Some fields updated by batch processes. 300 $aFDLP item number not assigned. 606 $aBurglary 606 $aClaims 606 $aMilitary bases 606 $aPostal service$xLaw and legislation$zUnited States$xCriminal provisions 606 $aPost office buildings 606 $aPostal service$xEquipment and supplies 606 $aPostal service$xEmployees 608 $aLegislative materials.$2lcgft 615 0$aBurglary. 615 0$aClaims. 615 0$aMilitary bases. 615 0$aPostal service$xLaw and legislation$xCriminal provisions. 615 0$aPost office buildings. 615 0$aPostal service$xEquipment and supplies. 615 0$aPostal service$xEmployees. 701 $aMeans$b Rice William$f1877-1949$pRepublican (CO)$01386800 801 0$bWYU 801 1$bWYU 801 2$bOCLCO 801 2$bOCLCQ 801 2$bOCLCO 906 $aBOOK 912 $a9910716253103321 996 $aElizabeth W. Kieffer. June 23, 1926. -- Ordered to be printed$93440232 997 $aUNINA LEADER 01950nam 2200457 450 001 9910715111803321 005 20210111090733.0 035 $a(CKB)5470000002508900 035 $a(OCoLC)1228484371 035 $a(EXLCZ)995470000002508900 100 $a20201231d2019 ua 0 101 0 $aeng 135 $aur||||||||||| 181 $ctxt$2rdacontent 182 $cc$2rdamedia 183 $acr$2rdacarrier 200 13$aAn assessment of chemical contaminants in the waters around Cocos Island, Guam using polyethylene passive water samplers /$fAnthony S. Pait [and three others] 210 1$aSilver Spring, MD :$cU.S. Department of Commerce, National Oceanic and Atmospheric Administration, National Ocean Service,$d2019. 215 $a1 online resource (iii, 43 pages) $ccolor illustrations, color maps 225 1 $aNOAA technical memorandum NOS NCCOS ;$v261 300 $a"July 2019." 300 $a"This report summarizes the results from a project led by NOAA's National Centers for Coastal Ocean Science (NCCOS) with local partners, and with funding from NOAA's Coral Reef Conservation Program (CRCP)." 320 $aIncludes bibliographical references (pages 18-19). 517 1 $aCocos Island, Guam PEDs report 606 $aWater$xPollution$zGuam 606 $aWater$xSampling$zGuam 606 $aPollutants$zGuam 606 $aCoral reefs and islands$xMonitoring$zGuam 615 0$aWater$xPollution 615 0$aWater$xSampling 615 0$aPollutants 615 0$aCoral reefs and islands$xMonitoring 700 $aPait$b Anthony S.$01403329 712 02$aUnited States.$bNational Ocean Service, 712 02$aCoral Reef Conservation Program (U.S.), 801 0$bGPO 801 1$bGPO 906 $aBOOK 912 $a9910715111803321 996 $aAn assessment of chemical contaminants in the waters around Cocos Island, Guam using polyethylene passive water samplers$93533829 997 $aUNINA LEADER 03684nam 22007573u 450 001 9910786411003321 005 20230803202815.0 010 $a0-8047-9116-3 024 7 $a10.1515/9780804791168 035 $a(CKB)3710000000120748 035 $a(EBL)1699091 035 $a(SSID)ssj0001227074 035 $a(PQKBManifestationID)12552485 035 $a(PQKBTitleCode)TC0001227074 035 $a(PQKBWorkID)11276002 035 $a(PQKB)10476328 035 $a(MiAaPQ)EBC1699091 035 $a(DE-B1597)563984 035 $a(DE-B1597)9780804791168 035 $a(OCoLC)1198931619 035 $a(EXLCZ)993710000000120748 100 $a20151005d2014|||| u|| | 101 0 $aeng 135 $aur|n|---||||| 181 $ctxt 182 $cc 183 $acr 200 10$aHeadscarf Debates$b[electronic resource] $eConflicts of National Belonging 210 $aPalo Alto $cStanford University Press$d2014 215 $a1 online resource (272 p.) 300 $aDescription based upon print version of record. 311 $a0-8047-7684-9 327 $tFrontmatter --$tTable of Contents --$tAcknowledgments --$t1. Feeling at Home in the Nation --$t2. Rejecting the Headscarf in France --$t3. Reinventing the Headscarf in Turkey --$t4. Tolerating the Headscarf in the Netherlands --$t5. Negotiating the Headscarf in Germany --$t6. Retelling National Narratives --$tAppendix --$tNotes --$tBibliography --$tIndex 330 $aThe headscarf is an increasingly contentious symbol in countries across the world. Those who don the headscarf in Germany are referred to as ""integration-refusers."" In Turkey, support by and for headscarf-wearing women allowed a religious party to gain political power in a strictly secular state. A niqab-wearing Muslim woman was denied French citizenship for not conforming to national values. And in the Netherlands, Muslim women responded to the hatred of popular ultra-right politicians with public appeals that mixed headscarves with in-your-face humor. In a surprising way, the headscarf-a g 606 $aCitizenship -- Cross-cultural studies 606 $aHijab (Islamic clothing) -- Political aspects -- Cross-cultural studies 606 $aMuslim women -- Clothing -- Political aspects -- Cross-cultural studies 606 $aNational characteristics -- Political aspects -- Cross-cultural studies 606 $aHijab (Islamic clothing)$xPolitical aspects$vCross-cultural studies 606 $aMuslim women$xPolitical aspects$xClothing$vCross-cultural studies 606 $aCitizenship$xPolitical aspects$vCross-cultural studies 606 $aNational characteristics$vCross-cultural studies 606 $aReligion$2HILCC 606 $aPhilosophy & Religion$2HILCC 606 $aIslam$2HILCC 615 4$aCitizenship -- Cross-cultural studies. 615 4$aHijab (Islamic clothing) -- Political aspects -- Cross-cultural studies. 615 4$aMuslim women -- Clothing -- Political aspects -- Cross-cultural studies. 615 4$aNational characteristics -- Political aspects -- Cross-cultural studies. 615 0$aHijab (Islamic clothing)$xPolitical aspects 615 0$aMuslim women$xPolitical aspects$xClothing 615 0$aCitizenship$xPolitical aspects 615 0$aNational characteristics 615 7$aReligion 615 7$aPhilosophy & Religion 615 7$aIslam 676 $a391.4/3082091767 700 $aKorteweg$b Anna$01530272 701 $aYurdakul$b Go?kc?e$0861184 801 0$bAU-PeEL 801 1$bAU-PeEL 801 2$bAU-PeEL 906 $aBOOK 912 $a9910786411003321 996 $aHeadscarf Debates$93775249 997 $aUNINA